000 00514cam a2200193 4500
008 090401t1987 xxu||||| |||| 00| 0 eng d
020 _a0861771451
035 _a(Sirsi) u21382
041 _aeng
050 _a692.5
110 _aUnited Kingdom
_bProperty Services Agency
_91138
245 _aSignificant items estimating
260 _aCroydon
_bProperty Services Agency
_c1987
300 _a71p. ; 30cm.
350 _a10
650 _aBUILT ENVIRONMENT-BUILDING COSTS
942 _n0
948 _c04/03/1997
999 _c87967
_d87967